Statistics for Countries by Contribution to UN Budget

Click here to take the quiz!

General Stats

  • This quiz has been taken 27,012 times
    (13,890 since last reset)
  • The average score is 18 of 20

Answer Stats

$ Country % Correct
674 milUnited States
100%
127 milUnited Kingdom
99%
123 milFrance
99%
335 milChina
99%
170 milGermany
98%
67.0 milRussia
98%
239 milJapan
96%
76.2 milCanada
96%
92.2 milItaly
95%
59.8 milSpain
95%
82.2 milBrazil
94%
61.6 milAustralia
94%
36.0 milMexico
93%
25.3 milSweden
87%
25.5 milArgentina
82%
63.2 milSouth Korea
82%
37.8 milNetherlands
77%
38.2 milTurkey
75%
32.7 milSaudi Arabia
73%
32.1 milSwitzerland
72%

Score Distribution

Percentile by Number Answered

Percent of People with Each Score

Your Score History

You have not taken this quiz since the last reset